000 00481nam a2200181Ia 4500
001 9658
005 20260306161734.0
008 260306t2015||||xx |||||||||||||| ||spa||
041 _aESP
082 _a388
_bC88
100 _aCrespo Villalaz, Carlos
_eAUT
245 0 _aVías de comunicación:
_bcaminos, ferrocarriles, aeropuertos, puentes y puertos
260 _c2015
300 _axvii, 736 páginas :
_c23 cm.
650 _aGEN
654 _aCAN
942 _cLIB
_dJUS
_fJUS
_2ddc
_n
999 _c9658
_d9658